| 000 | 00386nam a22001697a 4500 | ||
|---|---|---|---|
| 003 | koha_MIRAKIL | ||
| 005 | 20231213095554.0 | ||
| 008 | 231213b |||||||| |||| 00| 0 ||| d | ||
| 040 |
_aTR-IsEVY _btur _cTR-IsEVY |
||
| 082 | _a800 WEB/M | ||
| 100 | _aWEBB, CHARLES. | ||
| 245 | 0 | _aMEKTEPLİ. | |
| 260 | _bE Yayınları, | ||
| 300 | _a246. | ||
| 650 | _aEdebiyat. | ||
| 942 |
_2ddc _cBK |
||
| 999 |
_c5864 _d5864 |
||